特急「南紀」の停車駅 - Statistics

General Stats
  • This quiz has been taken 122 times
  • The average score is 11 of 13
Answer Stats
停車駅 % Correct
名古屋
100%
四日市
98%
97%
桑名
95%
新宮
95%
松阪
92%
尾鷲
91%
鈴鹿
88%
熊野市
80%
紀伊勝浦
78%
多気
76%
紀伊長島
62%
三瀬谷
54%
No matching quizzes found
Score Distribution
Percent of People with Each Score
Percentile by Number Answered
Your Score History
You have not taken this quiz